Gaming Quiz

Random Gaming or Asia Quiz

Gaming Aliases Quiz Stats

 Plays Quiz not verified by Sporcle

Challenge
Share
Tweet
Embed
Score 0/21 Timer 10:00
0 Plays Today
Alias Character % Correct
God of WarKratos or Ares
87.7%
King KoopaBowser
86.4%
Double O SevenJames Bond
85.2%
Blue BomberMegaman
65.4%
VaderAnakin Skywalker
63%
Hero of WindsLink
59.3%
TailsMiles Prower
58%
OtaconHal Emmerich
51.9%
SoapJohn MacTavish
39.5%
Weapon XJames Howlett
38.3%
Anticitizen OneGordon Freeman
32.1%
Alias Character % Correct
Crown Prince of LordaeronArthas Menethil
23.5%
NateNathan Drake
22.2%
Master ChiefJohn-117
21%
LightningClaire Farron
18.5%
Rider of the Red HorseWar
16%
Johnny TopsideSubject Delta
9.9%
640509-040147Agent 47
8.6%
Jean-Pierre MartinSamuel Leo Fisher
6.2%
The ProphetKane
2.5%
ZanoThomas Zanovich
2.5%

You're not logged in!

Compare scores with friends on all Sporcle quizzes.
OR
Log In

You Might Also Like...

Show Comments

Extras

Top Quizzes Today


Score Distribution

Your Account Isn't Verified!

In order to create a playlist on Sporcle, you need to verify the email address you used during registration. Go to your Sporcle Settings to finish the process.

Report this User

Report this user for behavior that violates our Community Guidelines.

Details: